Регионална библиотека "Любен Каравелов" - Русе

Танцувай до последен дъх (Запис номер 434886)

MARC детайли
000 -Лидер
Контролно поле с фиксирана дължина nam a22 a 4500
003 - Код на организацията, давaща контролен номер
Контролно поле BLK
005 - Дата и час на последна редакция
Контролно поле 20230426115530.0
008 - Елементи от данни с фиксирана дължина
fixed length control field 180412b bul|||||r ||||||| ||bul||
020 ## - Международен стандартен номер на книга ISBN
Международен стандартен номер на книга ISBN 954-532-003-6
040 ## - Източник на каталожния запис
Идентификатор на билиотеката - собственик на записа BLK
041 ## - Код за език
Код за езика на текст/звукозапис или на отделно заглавие Български
Код за езика КДБФ Български
080 ## - УДК
Текстов определител УДК Американска литература (на САЩ)
УДК код - определител по УДК 821.111(73)
УДК определител -94
УДК - код + определител 821.111(73)-94
100 1# - Редна дума - Автор
Автор Маклейн, Шърли
Авторска отговорност първи автор
R(LIN) 243060
139 ## - Редно поле
Редна дума Маклейн, Шърли
Авторски знак Мак - М 19
245 10 - Сведения за заглавието
Заглавие Танцувай до последен дъх
Подзаглавни данни Спомени
Редно поле (дума) Шърли Маклейн; прев. от англ. Мария Кръстева
257 ## - Страна на издаване
Страна на създаване/издаване Съединени американски щати
260 ## - Област на издателските данни
Място на издаване, разпространение и проч. София
Име на издателя, разпространителя и проч. Водолей
Година на издаване 1993
9 (RLIN) 209664
Издателство - префикс ISBN 978-954-9415- ; 954-532-
300 ## - Физическа характеристика
Страници 288 с., 8 л. : ил.
Размери/Мащаб 22 см
380 ## - Жанр
Жанр Худож. лит.
500 ## - Общи забележки
Забележка Без сведение за ориг. загл<br/>Пълното име на прев. е Мария Кръстева Георгиева<br/>Офс. изд.
700 1# - Други автори (авторска отговорност)
Лично име Кръстева, Мария
Автороска отговорност (Описва отношението между автора и произведението) прев. от англ.
9 (RLIN) 241896
852 ## - Местоположение
Форматна сигнатура Цб 173876
Фондова буква Хранилище
856 4# - Електронен адрес и достъп
Електронен формат pdf - файл
Път до файла /url/
Инструкция (цена за достъп) 0.00
Права за достъп disable
856 4# - Електронен адрес и достъп
Електронен формат pdf - файл
Път до файла /url/
Инструкция (цена за достъп) 0.00
Права за достъп disable
999 ## - СИСТЕМНИ КОНТРОЛНИ НОМЕРА
Koha biblionumber 434886
Koha biblioitemnumber 434886
942 ## - АРТИКУЛИ
Вид на библиотечния материал Книги
Скрит в OPAC Не
Периодичен библиозапис Да
944 ## - СЪЗДАВАНЕ И РЕДАКЦИЯ на ЗАПИСА
Създаване/Редакция Създаване
Дата на регистрацията/редакция 2021-10-28
Служител, извършил регистрацията/редакцията нр
999 ## - СИСТЕМНИ КОНТРОЛНИ НОМЕРА
Koha biblioitemnumber 434886
Наличности
Код за отписване Код за изгубен артикул Източник на класификационната схема Код за повреда Коз за рестрикции Код за отдаване Артикулен № Име на библиотеката - собственик Име на библиотеката, в която се намира в момента Статус (Текущо местоположение) Дата на вписване в системата Местоположение - отдел Цена в лева Систематично азбучна сигнатура Баркод Цена в евро Служебен тип на артикула Инвентарен номер
Изтеглен Не е изгубен Universal Decimal Classification Не е повреден без рестрикции заемане за дома 859115 Регионална библиотека "Любен Каравелов" Русе Регионална библиотека "Любен Каравелов" Русе Заемна - подръчен фонд 2021-10-29 Заемна - подръчен фонд 5.00 821-9/М 19 Ш 120000861596 2.56 Книги  
  Не е изгубен Universal Decimal Classification Не е повреден само за читалня ползва се в читалня 907653 Регионална библиотека "Любен Каравелов" Русе Регионална библиотека "Любен Каравелов" Русе Хранилище 2022-10-12 Хранилище 0.84 Цб 173876 120000581224 0.43 Книги 581224
Vip Innovations Ltd, Rousse, Bulgaria 2025